000 00446nam a2200181Ia 4500
005 20240823021707.0
008 240823s9999||||xx |||||||||||||| ||und||
041 _aENGLISH
082 _A629.8312 N1
100 _aRai H M
245 2 _aA Text Book of Control System Engineering
250 _a3rd
260 _c1991
_b"Satya Prakashan,New Delhi"
500 _aYES
650 _aControl System
_bElectronics
942 _cBK
999 _c177549
_d177549